| 000 | 00521nam a2200205Ia 4500 | ||
|---|---|---|---|
| 003 | 0100 | ||
| 008 | 130227s9999 xx 000 0 und d | ||
| 040 | _cARRUPELIB | ||
| 050 | _aBX2040.S797 | ||
| 100 | _aCairns, Ronnie et al. | ||
| 245 | 4 | _aThe Stations of the Cross in South Africa today | |
| 260 | _aJohannesburg | ||
| 260 | _bJustice & Peace Commission | ||
| 260 | _C1987 | ||
| 300 | _a48p | ||
| 300 | _b 21cm | ||
| 650 | _bSpiritual life - Hindu authors | ||
| 650 | _cAkhilananda, Swami | ||
| 942 |
_2lcc _03 |
||
| 999 |
_c5751 _d5751 |
||